000 01485nam a2200397 i 4500
003 EG-GICUC
005 20260303102045.0
008 260303s1911 fr |||f m||| ||| 0 Fre d
040 _aEG-GICUC
_cEG-GICUC
_dEG-GICUC
_erda
_bfre
041 0 _afre
_bfre
_dfre
049 _aDépôt
082 0 4 _221
_a341.1
097 _aDoctorat
099 _aLaw 11 PHD 1911
100 1 _aHelbing René
_eAuteur
245 1 0 _aLa Levée En Masse /
_cPar René Helbing ; Président M. L. Renault.
264 0 _aParis :
_bUniversité de Paris - Faculté de Droit,
_c1911.
300 _a148 Pages;
_c24 CM.
336 _2rda content
_aText
337 _2rda media
_aunmediated
338 _2rda carrier
_avolume
500 _aLettres en un seul exemplaire en français
500 _aFR.
502 _aThèse de Doctorat - Université de Paris- Faculté de droit, Département de Droit International Public - 1911.
504 _aComprend des références bibliographiques
546 _aTexte en français
650 0 4 _aDroit international public
_2qrmak
653 0 _a.
655 4 _aThèses universitaires
_zUniversité de Paris
_xDépartement de droit international public.
700 0 _aRenault
_ePrésident
710 2 _aUniversité de Paris.
_bFaculté de droit
856 _uhttps://fll.law.cu.edu.eg/fulltext/th/T11-02017.pdf
900 _b1911
_UUniversité du Caire
_FFaculté de droit
_DDépartement de droit international public
905 _a64
942 _2ddc
_n0
_cTH
_e21
999 _c64708